Sports Quiz

Random Sports or Soccer Quiz

Anyone But Karim Benzema Quiz Stats

 Plays Quiz not verified by Sporcle

Score 0/112 Timer 16:00
1 Play Today
Hint Answer % Correct
French player to win a UEFA European Cup and/or Champions League (as of 08/2019, Benzema in 2014, 2016, 2017 and 2018)Thierry Henry
95.7%
Top 10 France National team Goalscorers (as of 06/2019, Benzema 27)Thierry Henry
95.7%
Scored 50 or more goals in UEFA Champions League (as of 08/2019, Benzema 60)Thierry Henry
95.7%
Scored 50 or more goals in UEFA Champions League (as of 08/2019, Benzema 60)Cristiano Ronaldo
95.6%
Played in 2014, 2016, 2017 and 2018 UEFA Champions League Finals (Champions each time)Cristiano Ronaldo
95.6%
Scored 50 or more goals in UEFA Champions League (as of 08/2019, Benzema 60)Lionel Messi
95.5%
Scored 3 or more goals in 2014 FIFA World CupLionel Messi
95.5%
Played in 2014, 2016, 2017 and 2018 UEFA Champions League Finals (Champions each time)Gareth Bale
93%
Played in 2014, 2016, 2017 and 2018 UEFA Champions League Finals (Champions each time)Luka Modric
92.5%
Played in 2014, 2016, 2017 and 2018 UEFA Champions League Finals (Champions each time)Sergio Ramos
92%
French player to win a UEFA European Cup and/or Champions League (as of 08/2019, Benzema in 2014, 2016, 2017 and 2018) cont.Zinedine Zidane
91.6%
Top 10 France National team Goalscorers (as of 06/2019, Benzema 27)Zinedine Zidane
91.6%
French player awarded Ligue 1 Top Scorer since 1990 (as of 08/2019, Benzema in 2007-08) cont.Zinedine Zidane
91.6%
Scored 50 or more goals in UEFA Champions League (as of 08/2019, Benzema 60)Raul
91.2%
Played in 2014, 2016, 2017 and 2018 UEFA Champions League Finals (Champions each time)Marcelo
90.9%
French player awarded Ligue 1 Top Scorer since 1990 (as of 08/2019, Benzema in 2007-08) cont.Kylian Mbappe
89.7%
Scored 50 or more goals in UEFA Champions League (as of 08/2019, Benzema 60)Robert Lewandowski
89.7%
Scored 50 or more goals in UEFA Champions League (as of 08/2019, Benzema 60)Ruud van Nistelrooy
89.5%
Scored 3 or more goals in 2014 FIFA World CupJames Rodriguez
89.3%
Scored 3 or more goals in 2014 FIFA World CupThomas Muller
88.7%
Top 10 France National team Goalscorers (as of 06/2019, Benzema 27)Olivier Giroud
88.5%
French player awarded Ligue 1 Top Scorer since 1990 (as of 08/2019, Benzema in 2007-08)Olivier Giroud
88.5%
Scored 3 or more goals in 2014 FIFA World CupNeymar
88.4%
French player to win a UEFA European Cup and/or Champions League (as of 08/2019, Benzema in 2014, 2016, 2017 and 2018)Raphael Varane
88.2%
Scored 3 or more goals in 2014 FIFA World CupRobin van Persie
85.8%
French player awarded Ligue 1 Top Scorer since 1990 (as of 08/2019, Benzema in 2007-08) cont.Alexandre Lacazette
83.9%
French player awarded Ligue 1 Top Scorer since 1990 (as of 08/2019, Benzema in 2007-08) cont.Alexandre Lacazette
83.9%
French player to win a UEFA European Cup and/or Champions League (as of 08/2019, Benzema in 2014, 2016, 2017 and 2018) cont.Michel Platini
83.4%
Top 10 France National team Goalscorers (as of 06/2019, Benzema 27)Michel Platini
83.4%
French player to win a UEFA European Cup and/or Champions League (as of 08/2019, Benzema in 2014, 2016, 2017 and 2018)Franck Ribery
83.2%
French player to win a UEFA European Cup and/or Champions League (as of 08/2019, Benzema in 2014, 2016, 2017 and 2018)Patrice Evra
82.2%
Scored 3 or more goals in 2014 FIFA World CupArjen Robben
82.2%
Top 10 France National team Goalscorers (as of 06/2019, Benzema 27)David Trezeguet
80.9%
Played for Lyon in Benzema's debut game (12/01/2005, Ligue 1, won 2:0 vs Metz, Benzema entered as a sub on 78')Eric Abidal
80.7%
French player to win a UEFA European Cup and/or Champions League (as of 08/2019, Benzema in 2014, 2016, 2017 and 2018)Eric Abidal
80.7%
Played in 2014, 2016, 2017 and 2018 UEFA Champions League Finals (Champions each time)Dani Carvajal
79%
Top 10 France National team Goalscorers (as of 06/2019, Benzema 27)Antoine Griezmann
77.8%
Played for Lyon in Benzema's debut game (12/01/2005, Ligue 1, won 2:0 vs Metz, Benzema entered as a sub on 78')Florent Malouda
76.6%
Hint Answer % Correct
French player to win a UEFA European Cup and/or Champions League (as of 08/2019, Benzema in 2014, 2016, 2017 and 2018)Florent Malouda
76.6%
French player awarded Ligue 1 Top Scorer since 1990 (as of 08/2019, Benzema in 2007-08) cont.Florent Malouda
76.6%
Played for Lyon in Benzema's debut game (12/01/2005, Ligue 1, won 2:0 vs Metz, Benzema entered as a sub on 78')Juninho
76.2%
Awarded 2007-08 Ligue 1 Team of the YearSteve Mandanda
76.1%
Played in 2014, 2016, 2017 and 2018 UEFA Champions League Finals (Champions each time)Isco
76.1%
French player to win a UEFA European Cup and/or Champions League (as of 08/2019, Benzema in 2014, 2016, 2017 and 2018)Didier Deschamps
75.7%
French player to win a UEFA European Cup and/or Champions League (as of 08/2019, Benzema in 2014, 2016, 2017 and 2018)Marcel Desailly
74.7%
French player awarded Ligue 1 Top Scorer since 1990 (as of 08/2019, Benzema in 2007-08)Djibril Cisse
71%
French player to win a UEFA European Cup and/or Champions League (as of 08/2019, Benzema in 2014, 2016, 2017 and 2018)Djibril Cisse
71%
Played for Lyon in Benzema's debut game (12/01/2005, Ligue 1, won 2:0 vs Metz, Benzema entered as a sub on 78')Gregory Coupet
69.4%
French player awarded Ligue 1 Top Scorer since 1990 (as of 08/2019, Benzema in 2007-08)Jean-Pierre Papin
69.3%
Top 10 France National team Goalscorers (as of 06/2019, Benzema 27)Jean-Pierre Papin
69.3%
Scored 3 or more goals in 2014 FIFA World CupEnner Valencia
69.1%
French player to win a UEFA European Cup and/or Champions League (as of 08/2019, Benzema in 2014, 2016, 2017 and 2018) cont.Jean-Pierre Papin
68.9%
French player awarded Ligue 1 Top Scorer since 1990 (as of 08/2019, Benzema in 2007-08)Sylvain Wiltord
68%
French player to win a UEFA European Cup and/or Champions League (as of 08/2019, Benzema in 2014, 2016, 2017 and 2018) cont.Fabien Barthez
67.5%
French player to win a UEFA European Cup and/or Champions League (as of 08/2019, Benzema in 2014, 2016, 2017 and 2018) cont.Bixente Lizarazu
66.8%
Played for Lyon in Benzema's debut game (12/01/2005, Ligue 1, won 2:0 vs Metz, Benzema entered as a sub on 78')Michael Essien
66.1%
French player to win a UEFA European Cup and/or Champions League (as of 08/2019, Benzema in 2014, 2016, 2017 and 2018)Yoann Gourcuff
65.2%
French player awarded Ligue 1 Top Scorer since 1990 (as of 08/2019, Benzema in 2007-08) cont.Yoann Gourcuff
65.2%
French player to win a UEFA European Cup and/or Champions League (as of 08/2019, Benzema in 2014, 2016, 2017 and 2018)Claude Makelele
64.3%
Played for Lyon in Benzema's debut game (12/01/2005, Ligue 1, won 2:0 vs Metz, Benzema entered as a sub on 78')Mahamadou Diarra
63%
French player to win a UEFA European Cup and/or Champions League (as of 08/2019, Benzema in 2014, 2016, 2017 and 2018)Ludovic Giuly
62.9%
Scored 3 or more goals in 2014 FIFA World CupXherdan Shaqiri
62.1%
French player to win a UEFA European Cup and/or Champions League (as of 08/2019, Benzema in 2014, 2016, 2017 and 2018) cont.Willy Sagnol
61.7%
French player to win a UEFA European Cup and/or Champions League (as of 08/2019, Benzema in 2014, 2016, 2017 and 2018) cont.Nicolas Anelka
61.7%
Played for Lyon in Benzema's debut game (12/01/2005, Ligue 1, won 2:0 vs Metz, Benzema entered as a sub on 78')Cris
60.9%
French player awarded Ligue 1 Top Scorer since 1990 (as of 08/2019, Benzema in 2007-08)Andre-Pierre Gignac
58.3%
Top 10 France National team Goalscorers (as of 06/2019, Benzema 27)Just Fontaine
56.8%
Played for Lyon in Benzema's debut game (12/01/2005, Ligue 1, won 2:0 vs Metz, Benzema entered as a sub on 78')Sidney Govou
54.8%
French player to win a UEFA European Cup and/or Champions League (as of 08/2019, Benzema in 2014, 2016, 2017 and 2018)Mikael Silvestre
54%
French player awarded Ligue 1 Top Scorer since 1990 (as of 08/2019, Benzema in 2007-08)Youri Djorkaeff
52.3%
Top 10 France National team Goalscorers (as of 06/2019, Benzema 27)Youri Djorkaeff
52.3%
French player to win a UEFA European Cup and/or Champions League (as of 08/2019, Benzema in 2014, 2016, 2017 and 2018)Christian Karembeu
51.3%
French player to win a UEFA European Cup and/or Champions League (as of 08/2019, Benzema in 2014, 2016, 2017 and 2018)Jeremy Mathieu
51.2%
French player to win a UEFA European Cup and/or Champions League (as of 08/2019, Benzema in 2014, 2016, 2017 and 2018)Louis Saha
48.7%
French player to win a UEFA European Cup and/or Champions League (as of 08/2019, Benzema in 2014, 2016, 2017 and 2018)Raymond Kopa
47.9%
French player awarded Ligue 1 Top Scorer since 1990 (as of 08/2019, Benzema in 2007-08)Stephane Guivarc'h
45.1%
Hint Answer % Correct
Scored 3 or more goals in 2014 FIFA World CupAndre Schurrle
44.8%
French player awarded Ligue 1 Top Scorer since 1990 (as of 08/2019, Benzema in 2007-08)Roger Boli
43.8%
French player to win a UEFA European Cup and/or Champions League (as of 08/2019, Benzema in 2014, 2016, 2017 and 2018) cont.Basile Boli
43.8%
French player awarded Ligue 1 Top Scorer since 1990 (as of 08/2019, Benzema in 2007-08) cont.David Ginola
39.4%
French player to win a UEFA European Cup and/or Champions League (as of 08/2019, Benzema in 2014, 2016, 2017 and 2018)Theo Hernandez
38.5%
Awarded 2007-08 Ligue 1 Team of the YearMathieu Valbuena
38.3%
Awarded 2007-08 Ligue 1 Team of the YearJeremy Toulalan
36.9%
Played for Lyon in Benzema's debut game (12/01/2005, Ligue 1, won 2:0 vs Metz, Benzema entered as a sub on 78')Anthony Reveillere
36%
Awarded 2007-08 Ligue 1 Team of the YearMamadou Niang
35.2%
French player to win a UEFA European Cup and/or Champions League (as of 08/2019, Benzema in 2014, 2016, 2017 and 2018)Florent Sinama-Pongolle
34.2%
French player awarded Ligue 1 Top Scorer since 1990 (as of 08/2019, Benzema in 2007-08)Patrice Loko
33.5%
Played for Lyon in Benzema's debut game (12/01/2005, Ligue 1, won 2:0 vs Metz, Benzema entered as a sub on 78')Nilmar
33.1%
Awarded 2007-08 Ligue 1 Team of the YearBenoit Cheyrou
32%
French player to win a UEFA European Cup and/or Champions League (as of 08/2019, Benzema in 2014, 2016, 2017 and 2018)Anthony Le Tallec
30.5%
French player awarded Ligue 1 Top Scorer since 1990 (as of 08/2019, Benzema in 2007-08) cont.Eric Carriere
29.9%
French player to win a UEFA European Cup and/or Champions League (as of 08/2019, Benzema in 2014, 2016, 2017 and 2018) cont.Eric Di Meco
29.5%
Awarded 2007-08 Ligue 1 Team of the YearTaye Taiwo
28%
French player to win a UEFA European Cup and/or Champions League (as of 08/2019, Benzema in 2014, 2016, 2017 and 2018) cont.Franck Sauzee
26.6%
French player to win a UEFA European Cup and/or Champions League (as of 08/2019, Benzema in 2014, 2016, 2017 and 2018) cont.Jocelyn Angloma
24.6%
French player awarded Ligue 1 Top Scorer since 1990 (as of 08/2019, Benzema in 2007-08) cont.Vincent Guerin
24.6%
Awarded 2007-08 Ligue 1 Team of the YearSebastien Puygrenier
23.3%
Awarded 2007-08 Ligue 1 Team of the YearHilton
21.5%
Awarded 2007-08 Ligue 1 Team of the YearWendel
19.4%
Awarded 2007-08 Ligue 1 Team of the YearLaurent Bonnart
19.4%
French player awarded Ligue 1 Top Scorer since 1990 (as of 08/2019, Benzema in 2007-08)Nicolas Ouedec
19.3%
French player to win a UEFA European Cup and/or Champions League (as of 08/2019, Benzema in 2014, 2016, 2017 and 2018) cont.Jean-Jacques Eydelie
17%
Played for Lyon in Benzema's debut game (12/01/2005, Ligue 1, won 2:0 vs Metz, Benzema entered as a sub on 78')Pierre-Alain Frau
16.6%
French player to win a UEFA European Cup and/or Champions League (as of 08/2019, Benzema in 2014, 2016, 2017 and 2018) cont.Pascal Olmeta
14.2%
French player to win a UEFA European Cup and/or Champions League (as of 08/2019, Benzema in 2014, 2016, 2017 and 2018) cont.Manuel Amoros
14%
French player to win a UEFA European Cup and/or Champions League (as of 08/2019, Benzema in 2014, 2016, 2017 and 2018) cont.Bernard Casoni
11.4%
French player to win a UEFA European Cup and/or Champions League (as of 08/2019, Benzema in 2014, 2016, 2017 and 2018) cont.Jean-Philippe Durand
10.2%
Played for Lyon in Benzema's debut game (12/01/2005, Ligue 1, won 2:0 vs Metz, Benzema entered as a sub on 78')Bryan Bergougnoux
9.2%
French player to win a UEFA European Cup and/or Champions League (as of 08/2019, Benzema in 2014, 2016, 2017 and 2018) cont.Jean-Marc Ferreri
8.9%
Played for Lyon in Benzema's debut game (12/01/2005, Ligue 1, won 2:0 vs Metz, Benzema entered as a sub on 78')Jeremy Clement
7.9%
French player to win a UEFA European Cup and/or Champions League (as of 08/2019, Benzema in 2014, 2016, 2017 and 2018) cont.Jean-Christophe Thomas
6.1%
French player to win a UEFA European Cup and/or Champions League (as of 08/2019, Benzema in 2014, 2016, 2017 and 2018) cont.Jean-Christophe Marquet
2.8%

You're not logged in!

Compare scores with friends on all Sporcle quizzes.
OR
Log In

Sporcle TV

Today on Sporcle TV


Watch our educational content, quiz creation guides, and fun videos on Sporcle TV.

Show Comments

Extras

Top Quizzes Today


Score Distribution

Your Account Isn't Verified!

In order to create a playlist on Sporcle, you need to verify the email address you used during registration. Go to your Sporcle Settings to finish the process.

Report this User

Report this user for behavior that violates our Community Guidelines.

Details: